000 01115nam0a22002531 4500
001 rc\3924836
005 20130415111501.0
035 _a(NLR Aleph) 007914120
090 _a8116141
_c8116141
100 _a20130415a19469999|||y0rusy50 ca
101 0 _arus
102 _aRU
105 _ay z |||||
200 1 _aБюллетень Экспериментальной химиотерапии
_fОтв. ред. Ф.С. Ханеня
_gМ-во мед. промышленности СССР. Науч.-исслед. лабораборатория экспериментальной химиотерапии инфекционных заболеваний
210 _aМосква
_cБ. и.
_d1946-
215 _a28 с.
300 _aЛитогр.
702 1 _aХаненя
_bФ. С.
_4340
801 0 _aRU
_bNLR
_gpsbo
801 1 _aRU
_bELAR
_2rusmarc
830 _aПеречень имеющихся в библиотеке томов, номеров, годов этого издания смотри в каталоге периодических изданий
852 _aNLR
_jП17/78
942 _cBOOK
980 _aNB